Rozpoznaj kraj po jego banknocie #3 - Statystyki

Ogólne statystyki
  • Ten quiz został rozwiązany 24 razy
  • Średni wynik to 10 z 16
Statystyki odpowiedzi
Obrazkowy Odpowiedź % Poprawnych
Korea Południowa
90%
Rosja
90%
Serbia
86%
Egipt
81%
Tajwan
76%
Wenezuela
71%
Nowa Zelandia
67%
Indonezja
62%
Syria
62%
Haiti
57%
Chile
48%
Islandia
48%
Paragwaj
48%
Kirgistan
43%
Sri Lanka
38%
Madagaskar
33%
Nie znaleziono quizów pasujących do podanych kryteriów
Rozkład punktacji
Procent ludzi z każdym wynikiem
Percentyl według liczby udzielonych odpowiedzi
Twoja historia wyników
Nie rozwiązałeś tego quizu